000 00796nmc a2200289 a 4500
003 AR-BaBNM
005 20251128211059.0
008 242020s1961 ||||||||||||||000 | spa||
040 _cAR-BaBNM
100 1 _aLourenço Filho, Manuel Bergstrom
_d1897-1970
245 1 0 _aEducaçao comparada
260 _aSao Paulo
_bMelhoramentos
_c1961
300 0 _a294 p.
_btabs, gráfs.
490 0 _aObras completas
_vv. 5
500 0 _aIndice de autores citados en p. 291 e índice de asuntos en p. 293
650 4 _aEDUCACION COMPARADA
650 4 _aEDUCACION RURAL
651 4 _aJapón
651 4 _aIndia
651 4 _aEuropa
651 4 _aEstados Unidos
651 4 _aAmérica Latina
653 _aEDUCACION PRIMARIA
653 _aSISTEMA EDUCATIVO
942 _cBK
998 _calicia
999 _c18139
_d18139